00281nam a2200097 a 4500008004100000050001900041100001900060245005200079246004300131350000900174120416s9999 xx |||||||||||||| || u aNA 9040.Z7 Rak aRakodi, Carole10aLand, housing and urban development in Zimbabwe amarkets and policy in Harare and Gweru a0.00